Memòria
Descripción Física:
Volums : il·lustracions ; 30 cm
Materias:
Clínica Mental (Santa Coloma de Gramenet, Catalunya)
; Centres Assistencials Dr. Emili Mira i López (Santa Coloma de Gramenet) -- Memòries
Idioma:
Catalán
MARC
| LEADER | 00000nam a2200000Ia 4500 | ||
|---|---|---|---|
| 001 | 20056, 12407, 12408, 10746, 10747, 11149, 17819, 11752, 12343, 12344, 12741, 14455, 15673, 16587, 21635 | ||
| 003 | Arxiu | ||
| 005 | 20260324181031.0 | ||
| 008 | 160829c1991 spc xx s cat c | ||
| 040 | |a AGDB | ||
| 080 | |a FU-12-32, S-1-231, S-1-232, S-1-233, S-1-234, S-1-241, S-1-227, S-1-242, S-1-243, S-1-244, S-1-240, S-1-180, S-1-189, S-1-239, S-1-286 | ||
| 080 | |a FU-28-29 | ||
| 110 | 2 | |a Centres Assistencials Dr. Emili Mira i López |9 52938 |e entitat autora | |
| 245 | 1 | 0 | |a Memòria |
| 246 | 1 | 3 | |a Memòria d'activitats |
| 260 | |a Barcelona : |b Diputació de Barcelona. Àrea de Salut Pública i Consum, |c 1991- | ||
| 300 | |a Volums : |b il·lustracions ; |c 30 cm | ||
| 590 | |a La memòria de l'any 1998 conté un plànol del recinte Torribera indicant els edificis. | ||
| 610 | 2 | 0 | |a Clínica Mental (Santa Coloma de Gramenet, Catalunya) |9 54649 |
| 650 | 0 | |a Centres Assistencials Dr. Emili Mira i López (Santa Coloma de Gramenet) |x Memòries |9 28207 | |
| 710 | |a Barcelona (Catalunya : Província). |b Àrea de Salut Pública i Consum |e entitat editora |9 7348 | ||
| 710 | 2 | |a Centres Assistencials Torribera (Santa Coloma de Gramenet) |9 52937 |e entitat autora | |
| 866 | |a 1989, 1990, 1991, 1992, 1993, 1994, 1995, 1996, 1997, 1998, 1999, 2001, 2002, 2003, 2004 | ||
| 901 | |a Arxiu | ||
| 942 | |n 1 |2 udc |c ARXIU | ||
| 952 | |0 0 |1 0 |4 0 |6 FU1232_S1231_S1232_S1233_S1234_S1241_S1227_S1242_S1243_S1244_S1240_S1180_S1189_S1239_S1286 |7 1 |9 44837 |a Arxiu |b Arxiu |d 2016-12-01 |l 0 |o FU-12-32, S-1-231, S-1-232, S-1-233, S-1-234, S-1-241, S-1-227, S-1-242, S-1-243, S-1-244, S-1-240, S-1-180, S-1-189, S-1-239, S-1-286 |p 20056, 12407, 12408, |r 2016-12-01 00:00:00 |w 2016-12-01 |y ARXIU | ||
| 952 | |0 0 |1 0 |4 0 |7 1 |9 51217 |a Arxiu |b Arxiu |d 2023-03-29 |h 2005 |o FU-28-29 |p 21139 |r 2016-12-01 00:00:00 |w 2016-12-01 |y ARXIU | ||
| 952 | |0 0 |1 0 |4 0 |6 FU1232 |7 1 |9 65724 |a Arxiu |b Arxiu |d 2023-03-21 |h 1989 |l 0 |o FU-12-32 |p 20056 |r 2023-03-21 00:00:00 |w 2023-03-21 |y ARXIU | ||
| 999 | |c 47435 |d 47435 | ||